Authors and their Novels #1 - Statistics

General Stats
  • This quiz has been taken 73 times
  • The average score is 15 of 46
Answer Stats
Authors % Correct
Nineteen Eighty-Four
98%
Animal Farm
95%
The Great Gatsby
88%
Pride and Prejudice
86%
Ulysses
76%
Crime and Punishment
75%
Emma
75%
The Old Man and the Sea
69%
Sense and Sensibility
68%
The Brothers Karamazov
58%
For Whom the Bell Tolls
54%
A Farewell to Arms
49%
Northanger Abbey
47%
Mansfield Park
46%
The Idiot
46%
White Teeth
46%
Persuasion
44%
Finnegans Wake
41%
The Sun Also Rises
41%
Infinite Jest
36%
Gravity's Rainbow
31%
Tender Is the Night
27%
The Crying of Lot 49
24%
Notes from Underground
22%
V.
17%
Mason and Dixon
15%
This Side of Paradise
15%
Burmese Days
14%
Lady Susan
12%
The Pale King
12%
The Beautiful and the Damned
10%
The Broom of the System
10%
The Last Tycoon
10%
Vineland
10%
Coming Up for Air
8%
Inherent Vice
8%
Keep the Aspidistra Flying
8%
On Beauty
8%
A Clergyman's Daughter
7%
NW
7%
Swing Time
7%
The Autograph Man
7%
Against the Day
5%
Bleeding Edge
3%
The Fraud
2%
The Torrents of Spring
0%
No matching quizzes found
Score Distribution
Percent of People with Each Score
Percentile by Number Answered
Your Score History
You have not taken this quiz